Cinderella Characters - Statistics

General Stats
  • This quiz has been taken 293 times
  • The average score is 4 of 9
Answer Stats
Hint Answer % Correct
Lost her shoe Cinderella
99%
Bibbity-Bobbiti-boo! Fairy God Mother
91%
Mouse found in a trap gus
76%
Searched the entire village for his true love Prince Charming
71%
Sang "Sing Sweet Nightingale" and wears green Drizella
39%
Wears a monocle Duke
15%
A mouse wearing a red shirt and hat Jack Jack
15%
Plays the flute and wears pink and purple Anistasia
3%
Would not let cinderella go to the ball until her chores were done Step-other
3%
No matching quizzes found
Score Distribution
Percent of People with Each Score
Percentile by Number Answered
Your Score History
You have not taken this quiz